[Event "27th Klatovy A 2019"]
[Site "Klatovy CZE"]
[Date "2019.07.05"]
[Round "7.18"]
[White "Kozak, Milos"]
[Black "Cmiko, Jakub"]
[Result "1/2-1/2"]
[WhiteElo "2165"]
[BlackElo "2005"]
[PlyCount "37"]
[EventDate "2019.06.29"]
[EventType "swiss"]
[EventRounds "9"]
[EventCountry "CZE"]

1. Nf3 Nf6 2. g3 b6 3. Bg2 Bb7 4. O-O c5 5. c4 e6 6. Nc3 Be7 7. d4 cxd4 8. Qxd4 Nc6 9. Qf4 O-O 10. Rd1 Qc8 11. b3 Rd8 12. Bb2 Qb8 13. Qxb8 Raxb8 14. Rac1 d6 15. Rd2 a6 16. Rcd1 Rdc8 17. Re1 Ba8 18. e4 b5 19. cxb5 1/2-1/2

[Event "27th Klatovy A 2019"]
[Site "Klatovy CZE"]
[Date "2019.07.05"]
[Round "7.19"]
[White "Holy, Filip"]
[Black "Dvorakova, Olga"]
[Result "1/2-1/2"]
[WhiteElo "2088"]
[BlackElo "1763"]
[PlyCount "61"]
[EventDate "2019.06.29"]
[EventType "swiss"]
[EventRounds "9"]
[EventCountry "CZE"]

1. e4 c6 2. d4 d5 3. e5 Bf5 4. Nf3 e6 5. Be2 Nd7 6. Nbd2 Ne7 7. Nb3 c5 8. dxc5 Nc6 9. Bb5 Qc7 10. O-O Nxc5 11. Be3 Nd7 12. Nfd4 Bg6 13. f4 a6 14. Be2 Nxd4 15. Nxd4 Bc5 16. c3 O-O 17. Bd3 Ba7 18. Bxg6 hxg6 19. Qg4 Rfe8 20. Rf3 Nf8 21. Rh3 Qe7 22. Bf2 Rac8 23. Rd1 f6 24. Qh4 Kf7 25. exf6 gxf6 26. Qh8 Red8 27. Re1 Rd6 28. Kh1 Ke8 29. f5 Kd7 30. Qg8 Bxd4 31. Bxd4 1/2-1/2

[Event "27th Klatovy A 2019"]
[Site "Klatovy CZE"]
[Date "2019.07.05"]
[Round "7.20"]
[White "Cakl, Zdenek"]
[Black "Hak, David"]
[Result "0-1"]
[WhiteElo "2072"]
[BlackElo "1980"]
[PlyCount "104"]
[EventDate "2019.06.29"]
[EventType "swiss"]
[EventRounds "9"]
[EventCountry "CZE"]

1. Nf3 Nf6 2. b3 g6 3. Bb2 Bg7 4. g3 b6 5. Bg2 Bb7 6. O-O O-O 7. c4 c5 8. e3 d5 9. cxd5 Bxd5 10. Nc3 Bb7 11. d4 cxd4 12. Nxd4 Bxg2 13. Kxg2 e5 14. Nf3 Nbd7 15. Qd6 e4 16. Nd4 Nc5 17. Qxd8 Rfxd8 18. Rad1 Rac8 19. Nc6 Rxd1 20. Ne7+ Kf8 21. Nxc8 Rd2 22. Nd1 Rd7 23. Nc3 Ne8 24. Rd1 Rc7 25. Nd6 Bxc3 26. Nxe8 Kxe8 27. Bxc3 Nd3 28. Be1 Rc2 29. Ra1 Kd7 30. g4 Kc6 31. Kg3 Re2 32. Bc3 Rxf2 33. Bd4 Rf3+ 34. Kg2 Kd5 35. a3 Nf4+ 36. exf4 Kxd4 37. Rc1 Rxb3 38. Rc7 Rb2+ 39. Kg3 Rb3+ 40. Kg2 Rxa3 41. Rd7+ Ke3 42. Rxf7 Ra2+ 43. Kg3 Ke2 44. Kg2 Ke1+ 45. Kg1 e3 46. Rxh7 e2 47. Rd7 Ra4 48. h3 Rxf4 49. Rxa7 Rc4 50. Ra8 b5 51. Kg2 Kd2 52. Rd8+ Ke3 0-1

[Event "27th Klatovy A 2019"]
[Site "Klatovy CZE"]
[Date "2019.07.05"]
[Round "7.21"]
[White "Pribyl, Viktor"]
[Black "Bub, Volker"]
[Result "0-1"]
[WhiteElo "1933"]
[BlackElo "2049"]
[PlyCount "134"]
[EventDate "2019.06.29"]
[EventType "swiss"]
[EventRounds "9"]
[EventCountry "CZE"]

1. d4 Nf6 2. Bf4 g6 3. Nc3 d6 4. e4 c6 5. Qd2 Qa5 6. Nf3 Bg4 7. e5 Nh5 8. exd6 Bxf3 9. dxe7 Bxe7 10. gxf3 Nxf4 11. Qxf4 O-O 12. Qd2 Bb4 13. O-O-O Nd7 14. a3 Bxc3 15. Qxc3 Qh5 16. Be2 Rfe8 17. Qd2 Rad8 18. Rdg1 Qh4 19. Rg3 Nf6 20. Bd3 Rxd4 21. Qg5 Kg7 22. Kd2 b6 23. Qxh4 Rxh4 24. Rgg1 Rf4 25. Re1 Rxf3 26. Rxe8 Nxe8 27. Ke2 Rf6 28. a4 a5 29. b3 Nd6 30. Rd1 Re6+ 31. Kf3 Kf6 32. Bf1 Ke7 33. c3 f5 34. b4 Ne4 35. Rd3 Nf6 36. bxa5 bxa5 37. h3 Nd7 38. Rd4 Nc5 39. Rc4 Ne4 40. Kg2 Nd2 41. Rc5 Nb3 42. Rc4 Kd6 43. Rh4 Re7 44. Bc4 Nc5 45. Bg8 h5 46. Rd4+ Kc7 47. Kf3 Rg7 48. Ba2 g5 49. h4 gxh4 50. Rxh4 Rg4 51. Rxh5 Rxa4 52. Rxf5 Kb6 53. Bg8 Ra3 54. Kg4 Rxc3 55. f4 a4 56. Rf8 a3 57. Ra8 Na6 58. f5 Kb7 59. f6 Rc1 60. Be6 Rg1+ 61. Kf5 Kxa8 62. f7 Rf1+ 63. Ke5 Nc5 64. Bf5 Rxf5+ 65. Kxf5 Nd7 66. Ke6 Nf8+ 67. Ke7 Nh7 0-1

[Event "27th Klatovy A 2019"]
[Site "Klatovy CZE"]
[Date "2019.07.05"]
[Round "7.22"]
[White "Hajek, Jiri2"]
[Black "Hlozek, David"]
[Result "1-0"]
[WhiteElo "2043"]
[BlackElo "1901"]
[PlyCount "63"]
[EventDate "2019.06.29"]
[EventType "swiss"]
[EventRounds "9"]
[EventCountry "CZE"]

1. b3 d5 2. Bb2 Bg4 3. Nf3 e6 4. e3 Nf6 5. Be2 c5 6. d3 Nc6 7. Nbd2 Be7 8. O-O O-O 9. c4 Qc7 10. cxd5 Nxd5 11. Ne4 Bf5 12. Rc1 Bxe4 13. dxe4 Ndb4 14. Ra1 f5 15. a3 fxe4 16. Nd2 Nd3 17. Bc3 Nxf2 18. Qc2 Bd6 19. Rxf2 Bxh2+ 20. Kh1 Rxf2 21. Nxe4 Rf5 22. Bg4 Raf8 23. Bxf5 Rxf5 24. g4 Qf7 25. gxf5 Be5 26. Bxe5 Nxe5 27. Ng3 Qf6 28. Qe4 exf5 29. Qxf5 Qc6+ 30. Qe4 Qh6+ 31. Kg2 Qd6 32. Rf1 1-0

[Event "27th Klatovy A 2019"]
[Site "Klatovy CZE"]
[Date "2019.07.05"]
[Round "7.23"]
[White "Skypala, Ondrej"]
[Black "Janous, Marek"]
[Result "1-0"]
[WhiteElo "2030"]
[BlackElo "1777"]
[PlyCount "65"]
[EventDate "2019.06.29"]
[EventType "swiss"]
[EventRounds "9"]
[EventCountry "CZE"]

1. c4 e5 2. Nc3 Nf6 3. e4 Bc5 4. g3 d6 5. Bg2 Ng4 6. Nh3 Nc6 7. O-O h5 8. Kh1 Be6 9. d3 Qd7 10. f4 exf4 11. gxf4 g6 12. Qe1 O-O-O 13. Ng5 Nd4 14. Nxe6 Qxe6 15. Qh4 f5 16. Rb1 Nc2 17. Bd2 Nce3 18. Bxe3 Nxe3 19. Rfe1 Nxg2 20. Kxg2 Rdg8 21. Kh1 c6 22. Re2 Qf7 23. b4 Bd4 24. Nd1 Bb6 25. Nf2 Rf8 26. Rbe1 Bxf2 27. Qxf2 fxe4 28. Rxe4 Kb8 29. Re7 Qf5 30. Rxb7+ Kxb7 31. Re7+ Kc8 32. Qxa7 Kd8 33. Qc7# 1-0

[Event "27th Klatovy A 2019"]
[Site "Klatovy CZE"]
[Date "2019.07.05"]
[Round "7.24"]
[White "Vilimova, Julie"]
[Black "Lochman, Vaclav"]
[Result "1/2-1/2"]
[WhiteElo "1786"]
[BlackElo "2007"]
[PlyCount "61"]
[EventDate "2019.06.29"]
[EventType "swiss"]
[EventRounds "9"]
[EventCountry "CZE"]

1. d4 Nf6 2. c4 e6 3. Nc3 Bb4 4. Qc2 O-O 5. a3 Bxc3+ 6. Qxc3 Ne4 7. Qc2 f5 8. e3 b6 9. g3 Bb7 10. Bg2 d6 11. Ne2 Nd7 12. O-O Qe7 13. f3 Nef6 14. e4 fxe4 15. fxe4 e5 16. d5 a5 17. Bg5 h6 18. Bd2 Nb8 19. h3 Na6 20. b4 axb4 21. axb4 Qd7 22. g4 b5 23. Ng3 c6 24. cxb5 cxb5 25. Nf5 Rac8 26. Qb1 Rc4 27. Rc1 Rfc8 28. Rxc4 Rxc4 29. Ne3 Rc8 30. Ra5 Ra8 31. Qa1 1/2-1/2

[Event "27th Klatovy A 2019"]
[Site "Klatovy CZE"]
[Date "2019.07.05"]
[Round "7.25"]
[White "Pick, Stepan"]
[Black "Lhotska, Anna"]
[Result "1-0"]
[WhiteElo "2058"]
[BlackElo "1884"]
[PlyCount "74"]
[EventDate "2019.06.29"]
[EventType "swiss"]
[EventRounds "9"]
[EventCountry "CZE"]

1. d4 Nf6 2. c4 e6 3. Nf3 b6 4. e3 Bb7 5. Bd3 Be7 6. O-O O-O 7. Nc3 c5 8. d5 d6 9. e4 Nbd7 10. dxe6 fxe6 11. Ng5 Qc8 12. Nxe6 Re8 13. Nf4 Ne5 14. f3 Qc7 15. Be2 Nc6 16. Nfd5 Qd7 17. a4 Nd4 18. Nxe7+ Qxe7 19. Bf4 a6 20. Rf2 Nd7 21. Bf1 Ne5 22. Be3 Ne6 23. Qd2 Rf8 24. Rd1 Rad8 25. Nd5 Qd7 26. Nxb6 Qc6 27. a5 Qc7 28. Nd5 Qf7 29. h3 Nc6 30. Kh2 Ned4 31. f4 Qe6 32. Bd3 Rb8 33. Rdf1 Ba8 34. f5 Qd7 35. f6 Ne6 36. fxg7 Qxg7 37. Nf6+ Kh8 1-0

[Event "27th Klatovy A 2019"]
[Site "Klatovy CZE"]
[Date "2019.07.05"]
[Round "7.26"]
[White "Novak, Vaclav2"]
[Black "Drahorad, Daniel"]
[Result "1/2-1/2"]
[WhiteElo "1870"]
[BlackElo "1977"]
[PlyCount "26"]
[EventDate "2019.06.29"]
[EventType "swiss"]
[EventRounds "9"]
[EventCountry "CZE"]

1. d4 Nf6 2. c4 e6 3. Nc3 d5 4. Bg5 Nbd7 5. e3 c6 6. Nf3 Qa5 7. a3 Ne4 8. Qc2 Nxg5 9. Nxg5 dxc4 10. Nf3 b5 11. Nd2 Be7 12. Be2 O-O 13. O-O Bb7 1/2-1/2

[Event "27th Klatovy A 2019"]
[Site "Klatovy CZE"]
[Date "2019.07.05"]
[Round "7.27"]
[White "Hosnedl, Matyas"]
[Black "Richter, Martin1"]
[Result "1-0"]
[WhiteElo "1903"]
[BlackElo "1959"]
[PlyCount "67"]
[EventDate "2019.06.29"]
[EventType "swiss"]
[EventRounds "9"]
[EventCountry "CZE"]

1. e4 e6 2. d4 d5 3. Nd2 a6 4. c3 Nf6 5. e5 Nfd7 6. Bd3 c5 7. Ne2 Nc6 8. Nf3 Be7 9. O-O O-O 10. Nf4 b5 11. Be3 b4 12. Nh3 bxc3 13. Bxh7+ Kxh7 14. Nfg5+ Bxg5 15. Nxg5+ Kg6 16. Qg4 f5 17. Qg3 Qe7 18. bxc3 cxd4 19. cxd4 f4 20. Bxf4 Rxf4 21. Nxe6+ Kh7 22. Nxf4 Nf8 23. Nxd5 Qd8 24. Qd3+ g6 25. Nf6+ Kg7 26. Qc4 Ne7 27. d5 Nd7 28. Qc3 Nb6 29. d6 Ned5 30. Nxd5 Nxd5 31. Qc6 Be6 32. d7 Kf7 33. Rfd1 Ne7 34. Qxa8 1-0

[Event "27th Klatovy A 2019"]
[Site "Klatovy CZE"]
[Date "2019.07.05"]
[Round "7.28"]
[White "Novy, Daniel"]
[Black "Vavrinkova, Eliska"]
[Result "0-1"]
[WhiteElo "1955"]
[BlackElo "1858"]
[PlyCount "52"]
[EventDate "2019.06.29"]
[EventType "swiss"]
[EventRounds "9"]
[EventCountry "CZE"]

1. b4 d5 2. Bb2 Nf6 3. e3 Nbd7 4. Nf3 e6 5. b5 c5 6. c4 Bd6 7. Nc3 Qc7 8. a4 b6 9. g4 Bb7 10. g5 Ne4 11. Nxe4 dxe4 12. Nh4 Ne5 13. Be2 Rg8 14. f4 exf3 15. Nxf3 Rd8 16. O-O Bxf3 17. Bxf3 Nxc4 18. Bc6+ Kf8 19. Bc3 Bxh2+ 20. Kh1 Be5 21. Qh5 Bxc3 22. dxc3 Nxe3 23. Rf3 Nf5 24. Raf1 g6 25. Qxh7 Ke7 26. Rh3 Qe5 0-1

[Event "27th Klatovy A 2019"]
[Site "Klatovy CZE"]
[Date "2019.07.05"]
[Round "7.29"]
[White "Ondrejat, Miroslav"]
[Black "Sim, Jia Ru"]
[Result "1/2-1/2"]
[WhiteElo "1948"]
[BlackElo "1866"]
[PlyCount "40"]
[EventDate "2019.06.29"]
[EventType "swiss"]
[EventRounds "9"]
[EventCountry "CZE"]

1. e4 c5 2. Nf3 e6 3. d4 cxd4 4. Nxd4 Nc6 5. Nc3 a6 6. Be2 Qc7 7. O-O Nf6 8. Kh1 Nxd4 9. Qxd4 Bc5 10. Qd3 O-O 11. f4 d6 12. Qg3 Bd4 13. Bd3 Bxc3 14. bxc3 Qxc3 15. Rb1 Qc6 16. Bb2 e5 17. fxe5 Nxe4 18. Bxe4 Qxe4 19. exd6 Qg6 20. Qxg6 hxg6 1/2-1/2

[Event "27th Klatovy A 2019"]
[Site "Klatovy CZE"]
[Date "2019.07.05"]
[Round "7.30"]
[White "Rybin, Jan"]
[Black "Odehnal, Jaroslav"]
[Result "1/2-1/2"]
[WhiteElo "1900"]
[BlackElo "1930"]
[PlyCount "20"]
[EventDate "2019.06.29"]
[EventType "swiss"]
[EventRounds "9"]
[EventCountry "CZE"]

1. d4 d5 2. Nf3 Nf6 3. e3 e6 4. Bd3 Bd6 5. Nbd2 Nbd7 6. O-O O-O 7. Re1 Re8 8. e4 dxe4 9. Nxe4 Nxe4 10. Bxe4 Nf6 1/2-1/2

[Event "27th Klatovy A 2019"]
[Site "Klatovy CZE"]
[Date "2019.07.05"]
[Round "7.31"]
[White "Kupsa, Matej 2001"]
[Black "Paldus, Jan"]
[Result "1-0"]
[WhiteElo "1929"]
[BlackElo "1767"]
[PlyCount "111"]
[EventDate "2019.06.29"]
[EventType "swiss"]
[EventRounds "9"]
[EventCountry "CZE"]

1. d4 d5 2. f4 e6 3. Nf3 c5 4. e3 cxd4 5. exd4 Nf6 6. Bd3 Nc6 7. c3 g6 8. O-O Bg7 9. Ne5 O-O 10. Nd2 Nd7 11. Qe2 Ndxe5 12. fxe5 f6 13. exf6 Bxf6 14. Nf3 Qe7 15. Bh6 Bg7 16. Bxg7 Kxg7 17. Rae1 Rf6 18. Ne5 Rxf1+ 19. Rxf1 Nxe5 20. Qxe5+ Kg8 21. Rf6 Qg7 22. c4 dxc4 23. Bxc4 Bd7 24. Bxe6+ Bxe6 25. Qxe6+ Kh8 26. d5 Qc7 27. h3 Rd8 28. Rf7 Qd6 29. Qxd6 Rxd6 30. Rxb7 Rxd5 31. Rxa7 Rd1+ 32. Kh2 Rd2 33. b4 Rb2 34. a3 Rb3 35. Ra5 Kg7 36. b5 Kf7 37. a4 Ke7 38. Ra7+ Kd6 39. Rxh7 Rb4 40. Rg7 Rxa4 41. Rxg6+ Kc5 42. b6 Ra6 43. b7 Rxg6 44. b8=Q Kd4 45. Qf4+ Kc3 46. h4 Rc6 47. Qc1+ Kd4 48. Qxc6 Ke5 49. h5 Kf5 50. h6 Kg5 51. h7 Kg4 52. Qf3+ Kg5 53. h8=R Kg6 54. Rg8+ Kh7 55. Qf7+ Kh6 56. Qg6# 1-0

[Event "27th Klatovy A 2019"]
[Site "Klatovy CZE"]
[Date "2019.07.05"]
[Round "7.32"]
[White "Nechutny, Michal"]
[Black "Kunc, Jan"]
[Result "0-1"]
[WhiteElo "1726"]
[BlackElo "1919"]
[PlyCount "96"]
[EventDate "2019.06.29"]
[EventType "swiss"]
[EventRounds "9"]
[EventCountry "CZE"]

1. e4 c5 2. c3 d5 3. exd5 Qxd5 4. d4 Nf6 5. Nf3 Bf5 6. Be2 e6 7. O-O Nc6 8. Na3 a6 9. Nc4 Qd8 10. Ne3 Bg6 11. Ne5 Nxe5 12. dxe5 Qxd1 13. Rxd1 Nd7 14. Nc4 Be4 15. Rxd7 Kxd7 16. Nb6+ Kc6 17. Nxa8 Be7 18. Be3 Rxa8 19. Rd1 Rd8 20. Rxd8 Bxd8 21. Kf1 Bc7 22. f4 b5 23. Bf3 Bxf3 24. gxf3 Kd5 25. Ke2 g5 26. fxg5 Bxe5 27. h3 a5 28. Kd3 c4+ 29. Ke2 Bc7 30. Kf2 Ke5 31. h4 Kf5 32. Kg2 Bf4 33. Kf2 Bc7 34. Bc5 Bf4 35. Be3 e5 36. Bxf4 Kxf4 37. a3 a4 38. Kg2 Ke3 39. Kg3 Kd2 40. Kg4 Kc2 41. Kh5 Kxb2 42. Kh6 Kxc3 43. Kxh7 Kd3 44. h5 c3 45. g6 fxg6 46. hxg6 c2 47. g7 c1=Q 48. g8=Q Qh1+ 0-1

[Event "27th Klatovy A 2019"]
[Site "Klatovy CZE"]
[Date "2019.07.05"]
[Round "7.33"]
[White "Lhotsky, Zdenek"]
[Black "Kaderabek, Jiri"]
[Result "0-1"]
[WhiteElo "1914"]
[BlackElo "2182"]
[PlyCount "58"]
[EventDate "2019.06.29"]
[EventType "swiss"]
[EventRounds "9"]
[EventCountry "CZE"]

1. e4 d6 2. d4 Nf6 3. Nc3 g6 4. g3 Bg7 5. Bg2 O-O 6. Nge2 Nc6 7. O-O e5 8. h3 Bd7 9. Be3 exd4 10. Nxd4 Nxd4 11. Bxd4 Bc6 12. Qd2 Nd7 13. f4 Bxd4+ 14. Qxd4 Qf6 15. Qd2 a5 16. a4 Rfe8 17. Rae1 Qg7 18. e5 Bxg2 19. Kxg2 Nb6 20. Ne4 Kh8 21. exd6 cxd6 22. Nxd6 Red8 23. Re7 Kg8 24. Re4 Qxb2 25. Rd4 Rac8 26. Rf2 Rxc2 27. Qxc2 Qxd4 28. Rd2 Qxa4 29. Kh2 Qxc2 0-1

[Event "27th Klatovy A 2019"]
[Site "Klatovy CZE"]
[Date "2019.07.05"]
[Round "7.34"]
[White "Turner, Radek"]
[Black "Fiser, Jiri2"]
[Result "1/2-1/2"]
[WhiteElo "2023"]
[BlackElo "1899"]
[PlyCount "90"]
[EventDate "2019.06.29"]
[EventType "swiss"]
[EventRounds "9"]
[EventCountry "CZE"]

1. c4 e5 2. g3 Nc6 3. Nc3 g6 4. Bg2 Bg7 5. e3 d6 6. Nge2 f5 7. d3 Nf6 8. Rb1 a5 9. a3 Be6 10. Nd5 O-O 11. O-O Re8 12. Nec3 Bf7 13. b4 axb4 14. axb4 Rb8 15. b5 Ne7 16. e4 Bxd5 17. Nxd5 Nfxd5 18. cxd5 h6 19. exf5 Nxf5 20. Qg4 Kh7 21. Be4 Rf8 22. h4 h5 23. Qe2 Bh6 24. Bxh6 Kxh6 25. Kg2 Qe7 26. Ra1 Ra8 27. Qd2+ Kg7 28. Bxf5 gxf5 29. Rxa8 Rxa8 30. Rc1 b6 31. Qg5+ Qxg5 32. Rxc7+ Kg6 33. hxg5 Ra5 34. Rc6 Rxb5 35. Rxd6+ Kxg5 36. Kf3 h4 37. gxh4+ Kxh4 38. Ke3 Kg5 39. Rd8 Kf6 40. Rd7 Rb4 41. Rd6+ Kg5 42. Rc6 f4+ 43. Kd2 Kf5 44. f3 Rd4 45. Rd6 b5 1/2-1/2

[Event "27th Klatovy A 2019"]
[Site "Klatovy CZE"]
[Date "2019.07.05"]
[Round "7.35"]
[White "Kovar, Petr"]
[Black "Novotny, Jaroslav2"]
[Result "0-1"]
[WhiteElo "1909"]
[BlackElo "1979"]
[PlyCount "94"]
[EventDate "2019.06.29"]
[EventType "swiss"]
[EventRounds "9"]
[EventCountry "CZE"]

1. c4 e5 2. Nc3 Nf6 3. g3 d5 4. cxd5 Nxd5 5. Bg2 Nb6 6. Nf3 Nc6 7. O-O Be7 8. d3 O-O 9. Be3 Be6 10. Na4 e4 11. Ne1 exd3 12. Nxd3 Nd5 13. Bc5 Re8 14. Bxe7 Rxe7 15. Ndc5 Rb8 16. Nxe6 fxe6 17. Rc1 Ncb4 18. Qb3 Na6 19. Rfd1 Qe8 20. Bxd5 exd5 21. Qxd5+ Kh8 22. Nc3 c6 23. Qa5 Re5 24. Qa4 Qe7 25. Rd2 Rf8 26. Rcd1 Nc5 27. Qd4 Ref5 28. f3 h5 29. Kf2 Re8 30. Kg2 Qg5 31. h4 Qe7 32. b4 Ne6 33. Qd6 Qf7 34. Qd7 Re7 35. Qd6 Rf6 36. Qd3 Rg6 37. Kh2 Nf4 38. Qc2 Re5 39. Rd8+ Kh7 40. R1d6 Ne6 41. R8d7 Qe8 42. Ne4 Kh6 43. Qd2+ Kh7 44. Qd3 Kh6 45. Qe3+ Kh7 46. f4 Nxf4 47. gxf4 Rxe4 0-1

[Event "27th Klatovy A 2019"]
[Site "Klatovy CZE"]
[Date "2019.07.05"]
[Round "7.36"]
[White "Krauskopfova, Lenka 1996"]
[Black "Novotny, David"]
[Result "1-0"]
[WhiteElo "1941"]
[BlackElo "1788"]
[PlyCount "108"]
[EventDate "2019.06.29"]
[EventType "swiss"]
[EventRounds "9"]
[EventCountry "CZE"]

1. c4 e5 2. Nc3 Nf6 3. g3 d5 4. cxd5 Nxd5 5. Bg2 Be6 6. Nf3 Nc6 7. O-O Bc5 8. Nxe5 Nxc3 9. bxc3 Nxe5 10. d4 c6 11. dxc5 Qa5 12. Qd4 Nd7 13. Qxg7 O-O-O 14. Be3 h5 15. h4 Rhg8 16. Qd4 Rg4 17. Bf4 Qxc5 18. a4 Qxd4 19. cxd4 Rxf4 20. gxf4 Rg8 21. Ra3 Rg4 22. Rg3 Rxf4 23. e3 Rxh4 24. a5 Kc7 25. Rc1 Nf6 26. a6 Bd5 27. Bxd5 Nxd5 28. axb7 Kxb7 29. Kg2 Nf6 30. Rf3 Rg4+ 31. Kf1 Rg6 32. Ke2 Kc7 33. Rf5 h4 34. Rh1 Rh6 35. Kf3 Kd6 36. Ra5 Nd5 37. Rxa7 Rf6+ 38. Ke2 Nc3+ 39. Kd3 Nb5 40. Ra2 Rh6 41. e4 h3 42. f4 Rh4 43. Ke3 f5 44. e5+ Kd5 45. Rd2 Nc3 46. Rdh2 c5 47. Rd2 Ne4 48. Rdd1 c4 49. Rh2 c3 50. Rdh1 Ng3 51. Rxh3 Nf1+ 52. Kd3 Rxf4 53. Kxc3 Ke4 54. e6 Ne3 1-0

[Event "27th Klatovy A 2019"]
[Site "Klatovy CZE"]
[Date "2019.07.05"]
[Round "7.37"]
[White "Flajsman, Pavel"]
[Black "Danko, Jiri"]
[Result "0-1"]
[WhiteElo "1917"]
[BlackElo "1881"]
[PlyCount "108"]
[EventDate "2019.06.29"]
[EventType "swiss"]
[EventRounds "9"]
[EventCountry "CZE"]

1. e4 e5 2. Bc4 Nf6 3. d4 exd4 4. Nf3 Bb4+ 5. c3 dxc3 6. bxc3 Bc5 7. O-O O-O 8. e5 d5 9. Bb3 Nfd7 10. Qxd5 c6 11. Qe4 Be7 12. Bc2 f5 13. Qc4+ Kh8 14. Rd1 Qe8 15. Bf4 Nc5 16. Nd4 b5 17. Qe2 g5 18. Bc1 Qf7 19. Ba3 Be6 20. Bxc5 Bxc5 21. Nxe6 Qxe6 22. Bb3 Qe7 23. e6 Kg7 24. Qe5+ Kg6 25. Rd3 h5 26. Nd2 a5 27. a4 Ra7 28. axb5 Nd7 29. Qe1 Nf6 30. bxc6 Ng4 31. Rf3 Qd6 32. Nc4 Qxh2+ 33. Kf1 Qh1+ 34. Ke2 Qxg2 35. Rxa5 Rxa5 36. Nxa5 Ne5 37. Rg3 Qe4+ 38. Kf1 Qh1+ 39. Ke2 Qe4+ 40. Kf1 Qf4 41. Nb7 h4 42. Rh3 g4 43. Nxc5 gxh3 44. Nd7 h2 45. Nxf8+ Kg7 46. Kg2 Ng4 47. e7 h3+ 48. Kxh3 Qf3+ 49. Kh4 h1=Q+ 50. Qxh1 Qxh1+ 51. Kg3 Qxc6 52. Ne6+ Kf6 53. Bd5 Qxc3+ 54. Kf4 Qe5+ 0-1

[Event "27th Klatovy A 2019"]
[Site "Klatovy CZE"]
[Date "2019.07.05"]
[Round "7.39"]
[White "Hacaperka, Michal"]
[Black "Elias, Jakub"]
[Result "1/2-1/2"]
[WhiteElo "1865"]
[BlackElo "1921"]
[PlyCount "38"]
[EventDate "2019.06.29"]
[EventType "swiss"]
[EventRounds "9"]
[EventCountry "CZE"]

1. e4 e5 2. Nf3 Nc6 3. Bb5 a6 4. Bxc6 dxc6 5. O-O Bg4 6. h3 h5 7. d3 Qf6 8. Be3 Bxf3 9. Qxf3 Qxf3 10. gxf3 O-O-O 11. Nd2 Ne7 12. f4 exf4 13. Bxf4 Ng6 14. Be3 Bd6 15. f4 c5 16. a4 a5 17. Nc4 b6 18. e5 Be7 19. Rf2 Bh4 1/2-1/2

[Event "27th Klatovy A 2019"]
[Site "Klatovy CZE"]
[Date "2019.07.05"]
[Round "7.40"]
[White "Sterba, Karel"]
[Black "Skopec, Lubos"]
[Result "1/2-1/2"]
[WhiteElo "1864"]
[BlackElo "1907"]
[PlyCount "49"]
[EventDate "2019.06.29"]
[EventType "swiss"]
[EventRounds "9"]
[EventCountry "CZE"]

1. e4 c5 2. Nf3 d6 3. c3 Nf6 4. Be2 Nc6 5. d3 e6 6. O-O Be7 7. h3 O-O 8. Be3 Qc7 9. Re1 d5 10. Qc2 b6 11. Nbd2 Bb7 12. Rad1 Rac8 13. Bg5 Rfd8 14. Bf1 dxe4 15. dxe4 Nd7 16. Bxe7 Nxe7 17. Nc4 Nf8 18. Qe2 Rxd1 19. Rxd1 Rd8 20. Rxd8 Qxd8 21. Qd3 Qxd3 22. Bxd3 Nd7 23. Nd6 Bc6 24. Ng5 Ne5 25. Be2 1/2-1/2

[Event "27th Klatovy A 2019"]
[Site "Klatovy CZE"]
[Date "2019.07.05"]
[Round "7.41"]
[White "Stankova, Zuzana 1986"]
[Black "Kantor, Jozef"]
[Result "0-1"]
[WhiteElo "1677"]
[BlackElo "1808"]
[PlyCount "54"]
[EventDate "2019.06.29"]
[EventType "swiss"]
[EventRounds "9"]
[EventCountry "CZE"]

1. e4 c5 2. Nc3 e6 3. f4 d5 4. exd5 exd5 5. Bb5+ Nc6 6. Qe2+ Be7 7. Nf3 Nf6 8. Ne5 Qd6 9. d3 O-O 10. Bxc6 bxc6 11. O-O Re8 12. Bd2 Bf8 13. Qf3 Rb8 14. b3 Ba6 15. Rad1 d4 16. Ne2 Nd5 17. Ng3 Re6 18. Rde1 Rbe8 19. Ne4 Qc7 20. Qf2 f6 21. Nc4 Bxc4 22. bxc4 Nb4 23. Bxb4 cxb4 24. Qxd4 f5 25. c5 fxe4 26. dxe4 Qa5 27. Qc4 Qxc5+ 0-1

[Event "27th Klatovy A 2019"]
[Site "Klatovy CZE"]
[Date "2019.07.06"]
[Round "8.1"]
[White "Havelka, Josef"]
[Black "Zeman, Matyas"]
[Result "1/2-1/2"]
[WhiteElo "2342"]
[BlackElo "2275"]
[PlyCount "79"]
[EventDate "2019.06.29"]
[EventType "swiss"]
[EventRounds "9"]
[EventCountry "CZE"]

1. e4 e6 2. d4 d5 3. Nd2 a6 4. Ngf3 c5 5. c3 cxd4 6. cxd4 dxe4 7. Nxe4 Bb4+ 8. Bd2 Bxd2+ 9. Qxd2 Nf6 10. Nxf6+ Qxf6 11. Bd3 Nc6 12. O-O O-O 13. Rfe1 Rd8 14. Re4 g6 15. Rf4 Qg7 16. Bc4 Ne5 17. Nxe5 Qxe5 18. Re1 Qg7 19. Bb3 Bd7 20. h4 Qh6 21. g3 Bc6 22. Re5 Rd6 23. Qe3 Rad8 24. h5 Qg7 25. Rh4 Bd5 26. Bxd5 Rxd5 27. h6 Qf8 28. Rhe4 Qe7 29. Qf4 R8d7 30. Rxd5 Rxd5 31. Re5 f6 32. Rxd5 exd5 33. Qb8+ Kf7 34. Qh8 Ke6 35. Kg2 Kd6 36. Kh2 Ke6 37. Qc8+ Kf7 38. Qh8 Ke6 39. a3 Kd6 40. Qb8+ 1/2-1/2

[Event "27th Klatovy A 2019"]
[Site "Klatovy CZE"]
[Date "2019.07.06"]
[Round "8.2"]
[White "Hausner, Ivan"]
[Black "Rubes, Jan"]
[Result "1/2-1/2"]
[WhiteElo "2370"]
[BlackElo "2352"]
[PlyCount "66"]
[EventDate "2019.06.29"]
[EventType "swiss"]
[EventRounds "9"]
[EventCountry "CZE"]

1. d4 Nf6 2. c4 e6 3. Nc3 Bb4 4. g3 O-O 5. Bg2 d5 6. Nf3 dxc4 7. Ne5 Nd5 8. Qc2 Nb6 9. Be3 N8d7 10. O-O Nxe5 11. dxe5 Nd5 12. Bd2 Bxc3 13. bxc3 Bd7 14. Qe4 Bc6 15. Qg4 f5 16. exf6 Qxf6 17. Qxc4 Nb6 18. Qc5 Bxg2 19. Kxg2 Qf5 20. Qxf5 Rxf5 21. Rfb1 Rd8 22. Be1 Ra5 23. Rb4 Ra4 24. a3 Rd5 25. c4 Rd4 26. c5 Rdxb4 27. Bxb4 Nd5 28. Rb1 b6 29. cxb6 axb6 30. Rb3 c5 31. Bd2 Kf7 32. Bc1 Rc4 33. Bb2 Ra4 1/2-1/2

[Event "27th Klatovy A 2019"]
[Site "Klatovy CZE"]
[Date "2019.07.06"]
[Round "8.3"]
[White "Vyprachticky, David"]
[Black "Dolezal, Radoslav Jr"]
[Result "1/2-1/2"]
[WhiteElo "2312"]
[BlackElo "2374"]
[PlyCount "118"]
[EventDate "2019.06.29"]
[EventType "swiss"]
[EventRounds "9"]
[EventCountry "CZE"]

1. e4 e5 2. Bc4 Nf6 3. d3 Nc6 4. Nf3 Be7 5. O-O O-O 6. c3 d6 7. Bb3 Be6 8. Bc2 d5 9. exd5 Qxd5 10. Nbd2 Bg4 11. h3 Bh5 12. Qe2 Rad8 13. Re1 Rfe8 14. Ne4 Qd7 15. b4 a6 16. Bb2 Qc8 17. Ng3 Bg6 18. Nh4 Nd5 19. Nxg6 hxg6 20. Qf3 Bf6 21. Ne4 Qf5 22. Qxf5 gxf5 23. Nc5 Rb8 24. Ba4 Nde7 25. Nd7 Rbd8 26. Nxf6+ gxf6 27. Rad1 f4 28. a3 Rd6 29. d4 Red8 30. dxe5 fxe5 31. c4 f6 32. c5 Rd2 33. Bc1 R2d4 34. Rxd4 Rxd4 35. Rd1 Rxd1+ 36. Bxd1 Nd4 37. g3 Nd5 38. Bb2 Ne6 39. Bb3 c6 40. Kg2 Kg7 41. h4 Kg6 42. Bc2+ Kf7 43. Kf3 fxg3 44. fxg3 a5 45. bxa5 Nxc5 46. g4 Nf4 47. g5 Nfd3 48. Bc3 fxg5 49. hxg5 e4+ 50. Ke3 Kg6 51. Bb4 Kxg5 52. Bxd3 Nxd3 53. Kxe4 Nxb4 54. axb4 Kf6 55. Kd4 Ke7 56. Kc5 Kd7 57. Kb6 Kc8 58. a6 bxa6 59. Kxc6 a5 1/2-1/2